Dream Come True - Zombies 4 - Statistics

General Stats
  • This quiz has been taken 106 times
    101 since last reset
  • The average score is 398 of 498
Answer Stats
Answer % Correct
I
100%
(I
100%
i
100%
know
98%
a
95%
A
95%
(a
95%
com
95%
(no
95%
No
95%
no
95%
we
95%
you
95%
You
95%
you)
95%
be
93%
in
93%
it
93%
it)
93%
the
93%
And
91%
and
91%
But
91%
but
91%
(but
91%
kinda
91%
me
91%
me)
91%
smile
91%
this
91%
to
91%
where
91%
yeah
91%
Yeah
91%
(yeah
91%
your
91%
Because
89%
clear
89%
crazy
89%
hear
89%
Hear
89%
It's
89%
it's
89%
I've
89%
my
89%
see
89%
that
89%
both
86%
come
86%
come)
86%
don't
86%
Don't
86%
dream
86%
go
86%
have
86%
head
86%
met
86%
might
86%
Now
86%
now
86%
sound
86%
true
86%
we're
86%
were
86%
while
86%
been
84%
I'm
84%
insane
84%
just
84%
must
84%
recognize
84%
with
84%
you're
84%
You're
84%
all
82%
brighter
82%
even
82%
Even
82%
(like
82%
like
82%
magnet)
82%
seen
82%
swear
82%
crystal
80%
finally
80%
Had
80%
here
80%
known
80%
loud
80%
magnetic
80%
Oh
80%
revealed
80%
some
80%
Well
80%
we'll
80%
We'll
80%
apart
77%
common
77%
feel
77%
field
77%
from
77%
is
77%
say
77%
there's
77%
There's
77%
two
77%
vision
77%
word
77%
worlds
77%
you've
77%
You've
77%
another
75%
good
75%
pulled
75%
Pulled
75%
really
75%
running
75%
shines
75%
Still
75%
Than
75%
yet
75%
already
73%
heard
73%
thread
73%
what
73%
(when
73%
dark
70%
if
70%
If
70%
(if
70%
never
70%
Never
70%
play
70%
pretend
70%
spent
70%
ya
70%
coming
68%
Exactly
68%
hate
68%
someone
68%
always
66%
hope
66%
Hope
66%
life
66%
not
66%
shown
66%
suppose
66%
catch
64%
daydream
64%
light
64%
being
61%
bite
61%
burn
61%
ends
61%
fire
61%
spark
61%
wind
61%
Wind
61%
won't
61%
yours
61%
fall
59%
you'll
59%
about
57%
for
57%
guess
57%
much
57%
up
57%
face
55%
guard
50%
I'll
45%
I'd
43%
let
41%
ooh
41%
Ooh
41%
ride
41%
place
39%
rather
39%
wanna
36%
lift
34%
meet
34%
middle
34%
trust
34%
blew
30%
Cause
30%
through
27%
little
25%
of
25%
look
23%
complying
20%
complying)
20%
flying
20%
heavy)
20%
Hmm
20%
Improve
20%
nothin
20%
tired
20%
(tired
20%
make
18%
out
18%
missed
16%
would
16%
before
14%
else
14%
Feelin
14%
new
14%
something
11%
No matching quizzes found
Score Distribution
Percent of People with Each Score
Percentile by Number Answered
Your Score History
You have not taken this quiz since the last reset